[Event "Muensterland Regionalliga 1920"]
[Site "Germany"]
[Date "2019.09.07"]
[Round "1.7"]
[White "Reckzuegel, Philipp"]
[Black "Bruemmer, Andreas"]
[Result "1-0"]
[WhiteElo "1905"]
[BlackElo "1917"]
[PlyCount "65"]
[EventDate "2019.09.07"]
[EventType "team-tourn"]
[EventRounds "7"]
[EventCountry "GER"]
[SourceTitle "EXT 2023"]
[Source "ChessBase"]
[SourceDate "2022.10.05"]
[SourceVersion "1"]
[SourceVersionDate "2022.10.05"]
[SourceQuality "1"]
[WhiteTeam "Gronau"]
[BlackTeam "Rheine Klein Berlin"]
[WhiteTeamCountry "GER"]
[BlackTeamCountry "GER"]

1. d4 f5 2. g3 Nf6 3. Bg2 e6 4. c4 Be7 5. Nc3 0-0 6. e3 d6 7. Nge2 c6 8. 0-0 e5 9. b4 a5 10. b5 cxb5 11. Nxb5 Nc6 12. Bb2 Kh8 13. Rc1 e4 14. d5 Nb4 15. Ba3 Nd3 16. Rc2 Ng4 17. Nf4 Nge5 18. Nxd3 Nxd3 19. f3 exf3 20. Qxd3 fxg2 21. Kxg2 Ra6 22. Rcf2 Bf6 23. Nd4 g6 24. Bb2 Qe7 25. g4 Be5 26. gxf5 Qh4 27. Kh1 Bxf5 28. Nxf5 Rxf5 29. Bxe5+ Rxe5 30. Rf4 Qe7 31. Rf7 Rxe3 32. Rxe7 Rxd3 33. Rf8# 1-0

[Event "Muensterland Regionalliga 1617"]
[Site "Germany"]
[Date "2016.09.17"]
[Round "1.7"]
[White "Keller, Dirk"]
[Black "Reckzuegel, Philipp"]
[Result "1/2-1/2"]
[WhiteElo "1893"]
[BlackElo "1914"]
[PlyCount "27"]
[EventDate "2016.09.17"]
[EventType "team"]
[EventRounds "9"]
[EventCountry "GER"]
[SourceTitle "EXT 2018"]
[Source "ChessBase"]
[SourceDate "2017.10.13"]
[SourceVersion "1"]
[SourceVersionDate "2017.10.13"]
[SourceQuality "1"]
[WhiteTeam "Nienberge"]
[BlackTeam "Gronau"]
[WhiteTeamCountry "GER"]
[BlackTeamCountry "GER"]

1. d4 Nf6 2. Nf3 d5 3. c4 e6 4. e3 c6 5. b3 Nbd7 6. Bb2 b6 7. Bd3 Bb7 8. 0-0 Bd6 9. Nbd2 0-0 10. Ne5 Rc8 11. f4 c5 12. Qe2 Qe7 13. cxd5 exd5 14. Ndf3 1/2-1/2